| Tag |
First Indicator |
Second Indicator |
Subfields |
| LEADER |
00000cgm a2200000 i 4500 |
| 001 |
in00005579721 |
| 006 |
m o c |
| 007 |
cr |n||||||||a |
| 007 |
vz |za|z| |
| 008 |
210923s2021 nik003 e o vneng d |
| 005 |
20241201233942.6 |
| 035 |
|
|
|a (OCoLC)on1274236043
|
| 040 |
|
|
|a ALSTP
|b eng
|e rda
|c ALSTP
|d OCLCF
|d INT
|d OCLCO
|d OCL
|d CJT
|d OCLCO
|d OCLCL
|d OCLCQ
|
| 019 |
|
|
|a 1287598189
|a 1373437205
|
| 024 |
8 |
|
|a ASP5132862/marc
|
| 035 |
|
|
|a (OCoLC)1274236043
|z (OCoLC)1287598189
|z (OCoLC)1373437205
|
| 049 |
|
|
|a TXAM
|
| 245 |
0 |
0 |
|a Art that changed America.
|p 9/11 :
|b art from ashes /
|c produced by Makematic.
|
| 246 |
3 |
3 |
|a Untold.
|p 9/11 :
|b art from ashes
|
| 246 |
3 |
3 |
|a Untold :
|b arts
|
| 264 |
|
1 |
|a Londonderry, Northern Ireland :
|b Makematic,
|c 2021.
|
| 300 |
|
|
|a 1 online resource (3 minutes)
|
| 306 |
|
|
|a 000217
|
| 336 |
|
|
|a two-dimensional moving image
|b tdi
|2 rdacontent
|
| 337 |
|
|
|a computer
|b c
|2 rdamedia
|
| 337 |
|
|
|a video
|b v
|2 rdamedia
|
| 338 |
|
|
|a online resource
|b cr
|2 rdacarrier
|
| 347 |
|
|
|a video file
|2 rda
|
| 490 |
0 |
|
|a Untold: Arts
|
| 500 |
|
|
|a "Arts".
|
| 500 |
|
|
|a Title from resource description page (viewed September 23, 2021).
|
| 520 |
|
|
|a September 11, 2001 is a day etched into the memories of millions. Art around the world is being used to explore and understand.
|
| 546 |
|
|
|a In English.
|
| 650 |
|
0 |
|a Art.
|
| 650 |
|
0 |
|a September 11 Terrorist Attacks, 2001.
|
| 650 |
|
6 |
|a Attentats du 11 septembre 2001, États-Unis.
|
| 650 |
|
7 |
|a Art
|2 fast
|
| 647 |
|
7 |
|a September 11 Terrorist Attacks
|d (2001)
|2 fast
|0 (OCoLC)fst01112794
|1 https://id.oclc.org/worldcat/entity/E39Qhp4vBbhpXFv9XtDc43JFHK
|
| 648 |
|
7 |
|a 2001
|2 fast
|
| 655 |
|
7 |
|a Feature films
|2 fast
|
| 655 |
|
7 |
|a Educational films
|2 fast
|
| 655 |
|
7 |
|a Short films
|2 fast
|
| 655 |
|
7 |
|a Educational films.
|2 lcgft
|
| 655 |
|
7 |
|a Short films.
|2 lcgft
|
| 655 |
|
7 |
|a Feature films.
|2 lcgft
|
| 655 |
|
7 |
|a Films éducatifs.
|2 rvmgf
|
| 655 |
|
7 |
|a Courts métrages.
|2 rvmgf
|
| 710 |
2 |
|
|a Makematic (Firm),
|e production company.
|
| 856 |
4 |
0 |
|u http://proxy.library.tamu.edu/login?url=https://www.aspresolver.com/aspresolver.asp?MARC;5132862
|z Connect to this streaming video (Alexander Street Press)
|t 0
|
| 955 |
|
|
|a Alexander Street Press subscription streaming video
|
| 994 |
|
|
|a 92
|b TXA
|
| 999 |
f |
f |
|s 6eb564ad-c65d-45c1-abb3-2c35aae9f828
|i 0cc43009-a2dd-41cf-877a-ef35a1b9b07d
|t 0
|
| 952 |
f |
f |
|a Texas A&M University
|b College Station
|c Electronic Resources
|d Available Online
|t 0
|h Library of Congress classification
|
| 998 |
f |
f |
|t 0
|l Available Online
|